000 00580nam a2200145Ia 4500
008 231221s9999 xx 000 0 und d
020 _a978-3-642-21421-9
041 _aEnglish
100 _aYuri B. Zudin
245 0 _aTheory of Periodic Conjugate Heat Transfer
260 _c2012
_bSpringer Berlin Heidelberg
_aNew York
440 _aMathematical Engineering
650 _aEngineering Thermodynamics, Heat and Mass Transfer; Appl.Mathematics/Computational Methods of Engineering; Energy Technology; Energy Systems; Applied and Technical Physics; Thermodynamics
942 _cEB
999 _c229145
_d229145